LEADER 01150nam a2200217 i 4500 001 000000243114 003 CaOOAMICUS 005 20251017121955.0 008 150623s1825 it u000 u ita u 013 $a222019 026 $aa,io o,i, i.la coce (3) 1825 (A) 026 $aroza o,si onel inca (3) 1825 (A) 040 $aSeMil$bita 245 10$aDell'istoria della Compagnia di Gesł l'Inghilterra parte dell' Europa descritta dal p. Daniello Bartoli della medesima Compagnia. Libro quinto e sesto. 300 $a2 pt. ([8], 264; 332 p.). 600 04$aIgnazio : di Loyola .$0(OLS)http://semarc/subject/467 773 0 $aBartoli, Daniello $tDelle opere del padre Daniello Bartoli della Compagnia di Gesł.$dTorino : Dalla Tipografia di Giacinto Marietti, 1825-1847.$g[4$w()32089 850 $aSeMil 852 $aSeMil$W1$xVenegono$y1$m3F II 403 FA$j193460$B193460$CSeMilBibl$Z2$F204243 $8I 996 $6245$aDell'istoria della Compagnia di Gesł l'Inghilterra parte dell' Europa descritta dal p. Daniello Bartoli della medesima Compagnia. Libro quinto e sesto$9(OLS)http://semarc/title/344901 LEADER 01544nam a2200265 i 4500 001 000000040683 003 CaOOAMICUS 005 20250113142034.0 008 090606s1992 it u000 u ita u 040 $aSeMil$bita 245 03$aLe abbazie delle Marche :$bstoria e arte : atti del Convegno internazionale, Macerata, 3-5 aprile 1990 /$ca cura di Emma Simi Varanelli. 264 1$aMacerata :$bUniversitą degli Studi ;$aBadia di Santa Maria del Monte (Cesena) :$bCentro Storico Benedettino Italiano,$c1992. 300 $a432 p., [39] p. di tav. :$b[3] pieghevoli ;$c25 cm. 490 1 $aItalia benedettina : studi e documenti di storia monastica ;$v12. 650 4$aMarche - Abbazie.$0(OLS)http://semarc/subject/8553 700 1 $aSimi Varanelli, Emma.$0(OLS)http://semarc/name/19920 710 0 $aCentro storico benedettino italiano.$0(OLS)http://semarc/name/71 830 0$aItalia benedettina :$bstudi e documenti di storia monastica ;$v12.$0(OLS)http://semarc/title/104 850 $aSeMil 852 $aSeMil$W1$xVenegono$y1$m3TA F 12$j253768$B6838$CSeMilBibl$Z2$F6838 $81 961 $aAcquisto: Casa editrice 996 $6245$aLe abbazie delle Marche :$bstoria e arte : atti del Convegno internazionale, Macerata, 3-5 aprile 1990$9(OLS)http://semarc/title/58550 996 $6264$aMacerata :$bUniversitą degli Studi$9(OLS)http://semarc/publisher/40142 996 $6264$aBadia di Santa Maria del Monte (Cesena) :$bCentro Storico Benedettino Italiano$9(OLS)http://semarc/publisher/29653